000 00273nam a2200109Ia 4500
008 220204s9999 xx 000 0 und d
082 _a294.118
_bMAM
100 _aSubramaniam, Kamala
245 0 _aMahabharata
260 _aBombay
_bBharatiya Vidya Bhavan
_c1977
942 _cBK
999 _c35283
_d35283